| 000 | 01900nam a2200421 i 4500 | ||
|---|---|---|---|
| 001 | ELB57198 | ||
| 003 | FlNmELB | ||
| 006 | m o d | | ||
| 007 | cr cnu|||||||| | ||
| 008 | 150601s2014 sp a o 001 0 spa d | ||
| 020 | _a9788490421574 (e-book) | ||
| 020 | _z9788490421437 | ||
| 035 | _a(MiAaPQ)EBC3228176 | ||
| 035 | _a(Au-PeEL)EBL3228176 | ||
| 035 | _a(CaPaEBR)ebr11028772 | ||
| 035 | _a(OCoLC)991995498 | ||
| 040 |
_aFINmELB _bspa _erda _cFINmELB |
||
| 050 | 4 |
_aNA21 _b.J828 2014 |
|
| 080 | _a72 | ||
| 082 | 0 |
_a720 _223 |
|
| 111 | 2 |
_aJornadas de Arquitectura y Cooperación al Desarrollo _n(II : _d18 y 19 de octubre de 2012 : _cLas Palmas de Gran Canaria, España) |
|
| 245 | 1 | 0 |
_aII Jornadas de Arquitectura y Cooperación al Desarrollo : _bcontra el hambre de vivienda +20, Arcadia II / _ccoordinadores, Manuel J. Martín Hernández, Vicente J. Díaz García. |
| 264 | 1 |
_aLas Palmas de Gran Canaria : _bUniversidad de Las Palmas de Gran Canaria, Servicio de Publicaciones y Difusión Científica, _c2014. |
|
| 300 |
_a1 recurso en línea (282 páginas) : _bIlustraciones |
||
| 336 |
_atexto _btxt _2rdacontent/spa |
||
| 337 |
_acomputadora _bc _2rdamedia/spa |
||
| 338 |
_arecurso en línea _bcr _2rdacarrier/spa |
||
| 500 | _aIncluye índice. | ||
| 588 | _aDescripción basada en recurso en línea; Título de la página del título en PDF (e-libro, visto June 01, 2015). | ||
| 590 | _aRecurso electrónico. Santa Fe, Arg.: e-libro, 2015. Disponible vía World Wide Web. El acceso puede estar limitado para las bibliotecas afiliadas a e-libro. | ||
| 650 | 0 |
_aArchitecture _vCongresses. |
|
| 650 | 4 |
_aArquitectura _vCongresos. |
|
| 655 | 4 | _aLibros electrónicos. | |
| 700 | 1 |
_aMartín Hernández, Manuel J, _ecoordinador. |
|
| 700 | 1 |
_aDíaz García, Vicente, _ecoordinador. |
|
| 797 | 2 | _ae-libro, Corp. | |
| 856 | 4 | 0 | _uhttps://elibro.net/ereader/usam/57198 |
| 999 |
_c144578 _d144578 |
||